000 00315nam a2200133Ia 4500
005 20251222155212.0
008 251222s9999||||xx |||||||||||||| ||spa||
082 _aETI.231
100 _aOsvaldo Cuadro Moreno
245 0 _a¿Por qué estoy enfermo?
250 _a6ta. ed.
264 _bFisac Homini
942 _cLIB
999 _c40323
_d40323